Gaming Quiz

Random Gaming or Pokémon Quiz
Score 0/24 Timer 03:00
0 Plays Today
Type Pokemon % Correct
Ice/FlyingArticuno
90.3%
Electric/FlyingZapdos
89.9%
Dragon/FlyingDragonite
89.9%
Ice/PsychicJynx
87.4%
Rock/FlyingAerodactyl
87%
Water/FightingPoliwrath
86.2%
Water/DragonKingdra
85.8%
Dragon/ElectricZekrom
85.8%
Dark/FlyingMurkrow
85%
Dark/IceSneasel
84.6%
Dark/GhostSableye
83.8%
Dragon/FireReshiram
83.5%
Type Pokemon % Correct
Steel/GroundSteelix
83.4%
Fighting/SteelLucario
83%
GhostMisdreavus
82.2%
Water/FlyingGyarados
81.4%
Grass/FightingBreloom
81.4%
Normal/PsychicGirafarig
80.6%
GrassTangela
77.3%
DarkUmbreon
77.3%
Ground/FlyingGligar
76.9%
Bug/GroundNincada
74.1%
Bug/RockShuckle
71.3%
RockSudowoodo
64%
Remove Ads.
Support Sporcle.
Get the best of Sporcle when you Go Orange. This ad-free experience offers more features, more stats, and more fun while also helping to support Sporcle. Thank you for becoming a member.

You're not logged in!

Compare scores with friends on all Sporcle quizzes.
OR
Log In

Show Comments

Extras

Top Quizzes Today


Score Distribution

Your Account Isn't Verified!

In order to create a playlist on Sporcle, you need to verify the email address you used during registration. Go to your Sporcle Settings to finish the process.

Report this User

Report this user for behavior that violates our Community Guidelines.

Details: